| 000 | 00634nam a2200193 a 4500 | ||
|---|---|---|---|
| 005 | 20210219154738.0 | ||
| 008 | 040115s2000 mx r 000 0 spa d | ||
| 020 | _a9688429767 | ||
| 035 | _aUPN01000131294 | ||
| 049 | _aCG | ||
| 050 | 4 |
_aHD7288.78 D5 _bC6.5 |
|
| 245 | 1 | 0 |
_aCondiciones de vida y vivienda de interés social en la Ciudad de México / _ccoord. Judith Villavicencio Blanco. |
| 260 |
_aMéxico : _bUAM : _bM.A. Porrúa, _c2000. |
||
| 300 | _a189 p. | ||
| 440 | 4 | _aLas ciencias sociales | |
| 650 | 4 |
_aVIVIENDA DE INTERES SOCIAL - _zMEXICO (CIUDAD) |
|
| 700 | 1 |
_aVillavivencio Blanco, Judith, _ecoord. |
|
| 905 | _aLibro | ||
| 999 |
_c103449 _d103449 |
||